[Event "11th Gibraltar Masters"]
[Site "Caleta ENG"]
[Date "2013.01.29"]
[Round "8.91"]
[White "Byrn,C"]
[Black "Hutton,Jack"]
[Result "0-1"]
[WhiteElo "2114"]
[BlackElo "2017"]

1.d4 Nf6 2.c4 e6 3.Nc3 Bb4 4.Nf3 d5 5.cxd5 exd5 6.Bg5 h6 7.Bxf6 Qxf6 8.e3 c5
9.Bb5+ Nc6 10.O-O Bxc3 11.bxc3 a6 12.Bxc6+ bxc6 13.dxc5 Bg4 14.Qd4 Bxf3 15.Qxf6 gxf6
16.gxf3 Rb8 17.Rfb1 Kd7 18.a4 Kc7 19.Kg2 a5 20.f4 Rhe8 21.Kf3 Rxb1 22.Rxb1 Re4
23.Kg4 Rxa4 24.Rb2 Rc4 25.Kf5 Rxc3 26.Kxf6 Rxc5 27.Kxf7 d4 28.e4 d3 29.Rd2 Rc4
30.f3 Rd4 31.f5 c5 32.e5 c4 33.e6 c3 34.Rxd3 Rxd3 35.e7 Re3 36.f6 c2 37.e8=Q Rxe8
38.Kxe8 c1=Q 39.f7 Qe3+ 40.Kf8 Qxf3 41.Ke8 Qf5  0-1

[Event "11th Gibraltar Masters Tie-Break"]
[Site "Caleta ENG"]
[Date "2013.01.31"]
[Round "2.1"]
[White "Vitiugov,N"]
[Black "Short,N"]
[Result "1-0"]
[WhiteElo "2694"]
[BlackElo "2690"]

1.d4 Nf6 2.c4 e6 3.Nc3 Bb4 4.Nf3 b6 5.e3 Bb7 6.Bd3 O-O 7.O-O Bxc3 8.bxc3 c5
9.Nd2 Nc6 10.Rb1 d6 11.Qe2 Qe7 12.Bb2 Rae8 13.e4 cxd4 14.cxd4 e5 15.f3 Nxd4
16.Bxd4 exd4 17.Qf2 Nd7 18.Qxd4 Nc5 19.Bc2 Qe5 20.Qf2 Rc8 21.Rfe1 Ne6 22.Bd3 Ba6
23.Bf1 Rc7 24.Rb3 Qc5 25.Rbe3 g5 26.g3 Qe5 27.Rd3 Rd8 28.Rd5 Qg7 29.Qe3 h6
30.Qa3 Bb7 31.Rxd6 Rxd6 32.Qxd6 Rc8 33.Nb3 Qc3 34.Kf2 Rd8 35.Qe7 Bc6 36.Qxa7 Qb4
37.c5 bxc5 38.Qa5 Qb8 39.Bc4 Rd7 40.Bxe6 Ra7 41.Qxc5 Rxa2+ 42.Re2 Rxe2+ 43.Kxe2 fxe6
44.Nd4 Bd7 45.Ke3 Kf7 46.f4 gxf4+ 47.gxf4 Qb1 48.Nf3 Qb3+ 49.Kf2 Qb2+ 50.Kg3 Qb3
51.Qh5+ Kg7 52.Qe5+ Kf7 53.Qh8 Bc6 54.Qh7+ Ke8 55.Qg8+ Ke7 56.Qg7+ Ke8 57.Qg6+ Ke7
58.Kg4 Qe3 59.Qg7+ Ke8 60.Qg8+ Ke7 61.Qh7+ Ke8 62.Qg6+ Ke7 63.Qg7+ Ke8 64.Qxh6 Qxe4
65.Qh8+ Ke7 66.Qg7+ Ke8 67.Qg8+ Ke7 68.Qg5+ Ke8 69.Qh5+ Ke7 70.Qc5+ Ke8 71.Qh5+ Ke7
72.Qg5+ Ke8 73.Qh5+ Ke7 74.Qc5+ Ke8 75.Qc3 Bd5 76.Kg3 Qe2 77.h3 Ke7 78.Qc7+ Ke8
79.Qc8+ Ke7 80.Qc5+ Ke8 81.Qc3 Ke7 82.Ng5 Qg2+ 83.Kh4 Qf2+ 84.Kg4 Qe2+ 85.Kh4 Qf2+
86.Qg3 Qd4 87.Qa3+ Ke8 88.Qd6 Qh8+ 89.Kg4 Qf6 90.Qb8+ Ke7 91.Qc7+ Ke8 92.Qb8+ Ke7
93.Qc7+ Ke8 94.Qe5 Qg6 95.h4 Kd7 96.h5 Qc2 97.h6 Qd1+ 98.Kh4 Qh1+ 99.Nh3 Bg2
100.Qd4+ Ke7 101.Qg7+ Kd6 102.Qg3 Be4 103.f5+ Kc6 104.Qc3+  1-0

[Event "TCh-SWE Elite 2012-13"]
[Site "Sweden SWE"]
[Date "2013.02.01"]
[Round "1"]
[White "Nielsen,PH"]
[Black "Rozentalis,E"]
[Result "1/2-1/2"]
[WhiteElo "2662"]
[BlackElo "2577"]

1.d4 Nf6 2.c4 e6 3.Nc3 Bb4 4.Nf3 b6 5.Qc2 Bb7 6.a3 Bxc3+ 7.Qxc3 O-O 8.Bg5 d6
9.Nd2 Nbd7 10.f3 c5 11.e4 Re8 12.Bd3 cxd4 13.Qxd4 Nc5 14.Bc2 e5 15.Qf2 a5
16.O-O a4 17.Rad1 h6 18.Bh4 g5 19.Bg3 Ba6 20.Rfe1 Qe7 21.Nf1 Bxc4 22.Ne3 Be6
23.Qd2 Red8 24.Qb4 Nh5 25.Bf2 Nf4 26.Rd2 Nb3 27.Bxb3 axb3 28.Red1 b5 29.Qxb5 Qc7
30.g3 Nh3+ 31.Kg2 Nxf2 32.Rxf2 Ra5 33.Qb4 Rc5 34.Qe1 Rb8 35.Rfd2 Rb6 36.h4 gxh4
37.gxh4 Kf8 38.Kh2 Rc2 39.Qf2 Rxd2 40.Qxd2 Rc6 41.Kg3 Ke7 42.Ra1 Qb6 43.Rd1 Qc7
44.Ra1 Qb6 45.Rd1  1/2-1/2

[Event "Moscow Open F 2013"]
[Site "Moscow RUS"]
[Date "2013.02.03"]
[Round "1.4"]
[White "Shimanov,A"]
[Black "Hovhannisyan,R"]
[Result "1-0"]
[WhiteElo "2640"]
[BlackElo "2630"]

1.d4 Nf6 2.c4 e6 3.Nc3 Bb4 4.Nf3 c5 5.g3 Bxc3+ 6.bxc3 Qa5 7.Bd2 Ne4 8.Bg2 Nc6
9.O-O O-O 10.d5 Nxd2 11.Qxd2 Ne7 12.Ng5 exd5 13.Qd3 g6 14.cxd5 d6 15.Qe4 Nf5
16.Qf3 Qd8 17.Ne4 Ng7 18.Nf6+ Kh8 19.c4 Ne8 20.Nxe8 Rxe8 21.e4 Kg7 22.Qb3 Rb8
23.f4 Qf6 24.Kh1 Bd7 25.a4 Kg8 26.Rae1 Qg7 27.Re3 b6 28.Rfe1 f6 29.Qa3 a6
30.Qa1 b5 31.axb5 axb5 32.cxb5 Rxb5 33.Qa6 Qf8 34.Qa7 Re7 35.Qa6 Qb8 36.Qa1 Kg7
37.Qc3 Rb1 38.h3 Rxe1+ 39.Rxe1 Bc8 40.g4 Qb4 41.Qa1 Qd4 42.Qa8 Qb4 43.Rf1 Qb7
44.Qa1 Qa6 45.Qc3 Rxe4 46.g5 Rd4 47.gxf6+ Kxf6 48.Re1 Qa4 49.Qe3 Qd7 50.Qg3 Kf7
51.Qh4 h5 52.Re6 Qxe6 53.dxe6+ Bxe6 54.Qd8 Rxf4 55.Qc7+ Kf6 56.Qxd6 Rf5 57.Be4 Re5
58.Qf8+ Bf7 59.Bd3 Re8 60.Qxc5 Kg7 61.h4 Re6 62.Kg2 Rf6 63.Kg3 Bg8 64.Qe5 Bf7
65.Be4 Bg8 66.Qe7+ Bf7 67.Bf3 Re6 68.Qc7 Rf6 69.Kf2 Kg8 70.Ke3 Kg7 71.Be4 Re6
72.Kf4 Rf6+ 73.Kg5 Rf1 74.Qa7 Re1 75.Bxg6 Rf1 76.Bxh5 Kg8 77.Bg4 Rb1 78.Kf6 Rf1+
79.Bf5 Kh8 80.Kxf7  1-0

[Event "Asian Zonal 3.2 w 2013"]
[Site "Thulhiriya City PHI"]
[Date "2013.02.04"]
[Round "3.2"]
[White "Sultana,S"]
[Black "Ranasinghe,S"]
[Result "0-1"]
[WhiteElo "1990"]
[BlackElo "1854"]

1.d4 Nf6 2.c4 e6 3.Nc3 Bb4 4.Nf3 h6 5.e3 d5 6.Bd3 O-O 7.O-O c5 8.a3 Bxc3
9.bxc3 dxc4 10.Bxc4 Qc7 11.Qe2 b6 12.Bd3 Bb7 13.e4 c4 14.Bb1 Ne8 15.a4 f6
16.Ba3 Rf7 17.Nd2 Kh8 18.Nxc4 Nd7 19.Bd3 Qc6 20.Bb2 f5 21.f3 f4 22.e5 Nf8
23.Nd2 Qc7 24.Rfc1 Rc8 25.Ne4 Qd8 26.Ba3 Nh7 27.Bb4 Rfc7 28.Qd2 Ng5 29.a5 Bxe4
30.Bxe4 Nxe4 31.fxe4 Rf7 32.Rf1 g5 33.Rf3 b5 34.d5 Rd7 35.Qe2 a6 36.Rh3 Rh7
37.Rd1 Qc7 38.d6 Qd7 39.Rd4 Rc6 40.Qh5 Kg7 41.Rf3 Rc4 42.Rfd3 Kh8 43.h4 Rc8
44.hxg5 Ng7 45.Qh4 hxg5 46.Qxg5 Nh5 47.Rh3 Rg8 48.Qe7 Rxe7 49.dxe7 Qe8 50.Rdd3 Qg6
51.Rh2 Kg7 52.Rdh3 Qxe4 53.Kf2 Qc2+ 54.Kg1 Qd1+ 55.Kf2 Qd2+ 56.Kg1 Qe1+  0-1

[Event "ch-TUR 2013"]
[Site "Antalya TUR"]
[Date "2013.02.06"]
[Round "7.80"]
[White "Tum,Hakan"]
[Black "Serhun,H"]
[Result "1-0"]
[WhiteElo "1673"]
[BlackElo "1813"]

1.d4 Nf6 2.c4 e6 3.Nc3 Bb4 4.Nf3 b6 5.e3 Bb7 6.Bd2 O-O 7.Bd3 d6 8.O-O Bxc3
9.bxc3 Ne4 10.Qc2 f5 11.Ne1 Qh4 12.f3 Nxd2 13.Qxd2 Nd7 14.Be2 Rf6 15.Rf2 g5
16.Nd3 Rh6 17.g3 Qh3 18.Rb1 Rf8 19.c5 Rg6 20.cxd6 cxd6 21.Bf1 Qh5 22.Bg2 Rh6
23.Bh1 Rhf6 24.c4 Qf7 25.e4 fxe4 26.fxe4 Rxf2 27.Nxf2 Qg6 28.Re1 g4 29.Qd1 h5
30.d5 Qf6 31.Re2 exd5 32.exd5 Nc5 33.Be4 Ba6 34.Qc2 Qd4 35.Bh7+ Kh8 36.Re7 Bxc4
37.Bg6 Qa1+ 38.Qb1 Qxb1+ 39.Bxb1 Bxd5 40.Rh7+ Kg8 41.Rxh5 Bf3 42.Nxg4 Bxg4
43.Rg5+ Kf7 44.Rxg4 Ke6 45.h4 d5 46.h5 Rh8 47.Rg6+ Ke5 48.h6 d4 49.Kf2 Ne4+
50.Ke1 Rc8 51.Bxe4 Kxe4 52.Kd2 Rf8 53.Rg4+ Kd5 54.h7 Kc4 55.Rf4 Rh8 56.Rf7 Kd5
57.g4 Ke6 58.Rxa7 Kf6 59.Kd3 Kg5 60.Kxd4 Kxg4 61.Kc4 Kf5 62.Kb5 Ke6 63.Kxb6 Kd6
64.a4 Rc8 65.Rg7 Rb8+ 66.Rb7 Rc8 67.a5 Rc6+ 68.Ka7 Rc8 69.Ka6 Kc6 70.Rb6+ Kc5
71.Rh6 Rh8 72.Kb7  1-0

[Event "Moscow Open F 2013"]
[Site "Moscow RUS"]
[Date "2013.02.06"]
[Round "5.1"]
[White "Mozharov,M"]
[Black "Reshetnikov,Al"]
[Result "1-0"]
[WhiteElo "2510"]
[BlackElo "2508"]

1.d4 Nf6 2.c4 e6 3.Nf3 Bb4+ 4.Nc3 b6 5.g3 Bb7 6.Bg2 O-O 7.O-O Bxc3 8.bxc3 d6
9.Re1 Nbd7 10.Qc2 Be4 11.Qb3 c5 12.Bh3 Bb7 13.Nd2 Re8 14.e4 Nb8 15.Qd1 Nc6
16.d5 Na5 17.Bf1 Ba6 18.f4 Re7 19.e5 Ne8 20.Bg2 Bb7 21.dxe6 Rxe6 22.Bd5 Re7
23.Nb3 Nc6 24.Qf3 Qc7 25.Nd2 dxe5 26.Ne4 Kh8 27.Qh5 f6 28.f5 Na5 29.g4 Rd8
30.g5 Bxd5 31.cxd5 Rxd5 32.g6 h6 33.Bxh6 gxh6 34.Qxh6+ Kg8 35.Re3 Rg7 36.Rh3 Kf8
37.Qh8+ Rg8 38.Nxf6 Qf7 39.Nxg8 Qxg8 40.f6  1-0

[Event "Moscow Open B 2013"]
[Site "Moscow RUS"]
[Date "2013.02.06"]
[Round "5.3"]
[White "Tarasova,Viktoriy"]
[Black "Bodnaruk,A"]
[Result "1/2-1/2"]
[WhiteElo "2273"]
[BlackElo "2430"]

1.d4 Nf6 2.c4 e6 3.Nc3 Bb4 4.Nf3 b6 5.e3 O-O 6.Bd3 Bb7 7.O-O c5 8.Qe2 d5
9.a3 Ba5 10.Rd1 Qe7 11.Ne5 Bxc3 12.bxc3 Ne4 13.Bb2 f6 14.Nf3 Nc6 15.cxd5 exd5
16.c4 Na5 17.cxd5 Bxd5 18.dxc5 bxc5 19.Bxe4 Bxe4 20.Bc3 Nc6 21.Qc4+ Kh8 22.Nd2 Bg6
23.Qe2 Nd4 24.Qa6 Nf5 25.Ba5 Rab8 26.Rac1 Bh5 27.Re1 Be8 28.Qc4 Rb5 29.Qc3 Nh6
30.Nb3 Bf7 31.Nxc5 Rc8 32.Bb4 Nf5 33.Qd3 Rbxc5 34.Rxc5 Rxc5 35.Qxf5 Rxf5
36.Bxe7 Re5 37.Bb4 a5 38.Bc3 Rc5 39.Bd4 Rc2 40.h3 a4 41.Rd1 h5 42.e4 Re2
43.f3 Bb3 44.Rc1 Bc2 45.Kh2 Kg8 46.Bc3 Kf7 47.Re1 Rxe1 48.Bxe1 Bd3 49.Kg3 Ke6
50.Bc3 Kf7 51.h4 Ke6 52.Kf4 g6 53.g3 Be2 54.Ke3  1/2-1/2

[Event "ch-TUR 2013"]
[Site "Antalya TUR"]
[Date "2013.02.08"]
[Round "10.2"]
[White "Ipatov,Alexander"]
[Black "Yelken,Mustafa"]
[Result "1-0"]
[WhiteElo "2569"]
[BlackElo "2130"]

1.d4 e6 2.Nf3 Nf6 3.c4 Bb4+ 4.Nc3 d5 5.Bg5 h6 6.Bxf6 Qxf6 7.Qb3 Bxc3+ 8.Qxc3 c6
9.e3 O-O 10.Rc1 Nd7 11.Bd3 Re8 12.cxd5 exd5 13.b4 a6 14.a4 Nb6 15.a5 Nd7
16.O-O Nf8 17.Qc2 Qd6 18.Qc5 Qxc5 19.bxc5 Be6 20.Nd2 Rad8 21.f4 g6 22.e4 f5
23.e5 Bc8 24.Kf2 Ne6 25.Ke3 Ng7 26.Nf3 h5 27.Nh4 Kf7 28.Rb1 Rh8 29.Rb2 Rde8
30.Rfb1 Re7 31.h3 Rh6 32.g3 Ne8 33.Rh2 Ng7 34.Rg1 Re8 35.Be2 Reh8 36.Rgh1 Be6
37.Bd3 Bc8 38.Rg2 Ne8 39.Rb1 Nc7 40.Rb6 Na8 41.Rb1 Nc7 42.Nf3 Ke7 43.Rh2 Nb5
44.Rbh1 Nc3 45.Rc1 Nb5 46.Nh4 Kf7 47.Rch1 Nc3 48.Bc2 Bd7 49.Nf3 Ke7 50.Kd2 Nb5
51.Bd3 Bc8 52.Be2 Bd7 53.Kd3 Bc8 54.Rb1 Rg8 55.Nh4 Kf7 56.Ng2 Ke7 57.Ne3 Rh7
58.Rg2 Rgh8 59.Rbg1 Nc7 60.Rf2 Ne6 61.Kc3 Rf8 62.Bd3 Nc7 63.Bc2 Nb5+ 64.Kd3 Nc7
65.Bd1 Ne6 66.Rgf1 Rhf7 67.Ng2 Rh7 68.Ke3 Nc7 69.Rh1 Rfh8 70.Nh4 Kf7 71.Rfh2 Nb5
72.Be2 Nc3 73.Bd3 Rh6 74.Nf3 Ke7 75.Ra1 Nb5 76.Bxb5 axb5 77.h4 Rf8 78.Rha2 Rhh8
79.Ne1 Kd7 80.Nd3 Kc7 81.Kd2 Re8 82.Nb4 Rhf8 83.a6 bxa6 84.Rxa6 Bb7 85.Ra7 Ra8
86.Rxa8 Rxa8 87.Rxa8 Bxa8 88.Kc3 Bb7 89.Nd3 Bc8 90.Kb4 Be6 91.Ne1 Kd7 92.Nf3 Bf7
93.Ng5 Bg8 94.Ka5 Ke7 95.Kb6 Be6 96.Kxc6 b4 97.Nf3 b3 98.Kb5 b2 99.Nd2 Kd7
100.Kb4 Kc6 101.Kb3 Kb5 102.Kxb2 Kb4 103.Kc2 Bd7 104.Kd3 Bb5+ 105.Ke3 Be8
106.Nf3 Kb5 107.Ng5 Ka5 108.Ne6  1-0

[Event "ch-TUR 2013"]
[Site "Antalya TUR"]
[Date "2013.02.09"]
[Round "11.74"]
[White "Alagoz,Mahmut"]
[Black "Bagci,H"]
[Result "1-0"]
[WhiteElo "1744"]
[BlackElo "1881"]

1.d4 Nf6 2.c4 e6 3.Nc3 Bb4 4.Nf3 b6 5.Bg5 Bb7 6.e3 h6 7.Bh4 O-O 8.Bd3 d5
9.cxd5 exd5 10.O-O Nbd7 11.Rc1 c5 12.a3 Bxc3 13.bxc3 Qe7 14.Re1 g5 15.Bg3 Ne4
16.Bxe4 dxe4 17.Ne5 Nxe5 18.Bxe5 f6 19.Bg3 Rfd8 20.Qh5 Kg7 21.Qe2 Rac8 22.a4 Qe8
23.Ra1 c4 24.Reb1 Rd5 25.Rb4 Ba6 26.f3 Rf5 27.Rd1 Qe6 28.h3 Bb7 29.f4 Ra5
30.Rf1 Ba6 31.Bh2 Rd8 32.g4 Rh8 33.Kg2 Rh7 34.Qf2 Rd5 35.Rb2 Rd7 36.Qg3 Kg8
37.fxg5 hxg5 38.Rbf2 Kg7 39.Rb2 Kg8 40.Rbf2 Rhf7 41.h4 Rd5 42.h5 Bc8 43.Rf5 Qc6
44.Qb8 Rd8 45.Be5 Qd7 46.Bxf6 Rxf6 47.Rxg5+ Kh7 48.Rxf6 Qe7 49.Qf4 Rd7 50.Rgg6 Qe8
51.Qh6+  1-0

[Event "Aeroflot Open Rapid Qualifier 2013"]
[Site "Moscow RUS"]
[Date "2013.02.12"]
[Round "3.2"]
[White "Ipatov,Alexander"]
[Black "Korobov,A"]
[Result "0-1"]
[WhiteElo "2569"]
[BlackElo "2702"]

1.d4 Nf6 2.c4 e6 3.Nc3 Bb4 4.Nf3 b6 5.e3 Bb7 6.Bd3 O-O 7.O-O c5 8.Na4 cxd4
9.exd4 Re8 10.a3 Bf8 11.Re1 d6 12.Nc3 Nbd7 13.b4 g6 14.Bf4 a6 15.h3 Rc8 16.Bh2 Nh5
17.Ne4 Ndf6 18.Nfd2 Nxe4 19.Nxe4 f5 20.Nd2 Bg7 21.Be2 Bxd4 22.Rc1 Qh4 23.Rf1 e5
24.Nf3 Bxf3 25.Bxf3 Nf6 26.Qd3 Rc7 27.Rc2 a5 28.Kh1 axb4 29.axb4 Ne4 30.Bg1 Kg7
31.Re2 b5 32.c5 dxc5 33.Bxe4 c4 34.Qa3 fxe4 35.Qa6 Rb8 36.Qd6 Qe7 37.Qd5 Qxb4
38.f4 Qc5 39.Qxe4 Bxg1 40.Rxg1 exf4 41.Qxf4 Rf8 42.Qg3 b4 43.Rge1 c3 44.Re5 Qf2
45.Qd3 c2 46.Re7+ Rxe7 47.Rxe7+ Kh6  0-1

[Event "116th YMCA Winter"]
[Site "Warsaw POL"]
[Date "2013.02.12"]
[Round "6"]
[White "Sanz Losada,V"]
[Black "Szewczyk,M2"]
[Result "0-1"]
[WhiteElo "2093"]
[BlackElo "2074"]

1.d4 Nf6 2.c4 e6 3.Nc3 Bb4 4.Nf3 d5 5.cxd5 exd5 6.g3 O-O 7.Bg2 Re8 8.O-O Nbd7
9.Bf4 c6 10.Rc1 Nh5 11.a3 Nxf4 12.gxf4 Bd6 13.e3 Nf6 14.Ne2 Ne4 15.Ng3 Bg4
16.Qd3 Re6 17.Rfe1 f5 18.Rc2 Rh6 19.Qf1 g5 20.fxg5 Nxg5 21.Nxg5 Qxg5 22.f4 Qh4
23.Bf3 Re8 24.Bxg4 Qxg4 25.Rg2 Rg6 26.Ree2 Kh8 27.Kh1 Qh3 28.Qf3 Reg8 29.Ref2 Rg4
30.Kg1 h5 31.Qe2 h4 32.Nf1 c5 33.Rxg4 Qxg4+ 34.Qxg4 Rxg4+ 35.Kh1 cxd4 36.Rd2 dxe3
37.Nxe3 Bxf4 38.Nxg4 Bxd2 39.Ne5 Kg7 40.Kg2 Kf6 41.Nd3 b6 42.Kf3 Ke6 43.Ke2 Bg5
44.b3 d4 45.Kf3 b5 46.h3 a5 47.Ke2 Kd5 48.Kf3 a4 49.bxa4 bxa4 50.Nb2 Bc1
51.Nxa4 Kc6  0-1

[Event "Aeroflot Open Rapid Qualifier 2013"]
[Site "Moscow RUS"]
[Date "2013.02.13"]
[Round "7.12"]
[White "Ipatov,Alexander"]
[Black "Zvjaginsev,V"]
[Result "1/2-1/2"]
[WhiteElo "2569"]
[BlackElo "2658"]

1.d4 Nf6 2.c4 e6 3.Nc3 Bb4 4.Nf3 c5 5.g3 Bxc3+ 6.bxc3 Qa5 7.Bd2 b6 8.Bg2 Bb7
9.O-O O-O 10.d5 Qa6 11.Re1 d6 12.e4 e5 13.Nh4 Bc8 14.Bg5 Nbd7 15.Nf5 Qxc4
16.Bf1 Qxc3 17.Bd2 Qb2 18.Nxd6 c4 19.Rb1 Qd4 20.Nf5 Qc5 21.Bb4 Qc7 22.Bd6 Qd8
23.Be7 Qc7 24.d6 Qc5 25.Bxf8 Nxf8 26.Qa4 Bxf5 27.exf5 Qxd6 28.Qxc4 N8d7 29.Rbd1 Qf8
30.Qb5 Rd8 31.Qa6 Ra8 32.Qb5 Rd8 33.Bg2 h5 34.Qa6 e4 35.Qxa7 Ra8 36.Qc7 Nc5
37.Qxb6 Nd3 38.Re2 Rb8 39.Qd4 Rd8 40.Qe3 Re8 41.Bxe4 Nc5 42.f3 Ncxe4 43.fxe4 Rxe4
44.Qf3 Rc4 45.Kg2 Qc5 46.h3 Kh7 47.Qf2 Qc6+ 48.Qf3 Qc5 49.Qe3 Qc6+ 50.Kh2 Rc3
51.Rd3 Rc1 52.Rg2 Rc4 53.Qf3 Qc7 54.Rgd2 h4 55.Rd4 hxg3+ 56.Kg2 Rxd4 57.Rxd4 Qc2+
58.Kxg3 Qxa2 59.Rh4+ Kg8 60.Qd3 Qa5 61.Rd4 Qe5+ 62.Kg2 Nh5 63.Rd8+ Kh7 64.Kf3 Qg3+
65.Ke4 Qh4+ 66.Ke3  1/2-1/2

[Event "Aeroflot Open Rapid KO"]
[Site "Moscow RUS"]
[Date "2013.02.15"]
[Round "1.1"]
[White "Ipatov,Alexander"]
[Black "Smirnov,P"]
[Result "1/2-1/2"]
[WhiteElo "2569"]
[BlackElo "2618"]

1.d4 Nf6 2.c4 e6 3.Nc3 Bb4 4.Nf3 O-O 5.Bg5 c5 6.Rc1 h6 7.Bh4 cxd4 8.Nxd4 d5
9.cxd5 g5 10.Bg3 Qxd5 11.a3 Bxc3+ 12.bxc3 Rd8 13.Nb5 Na6 14.f3 Bd7 15.e4 Qc5
16.Qd4 Bxb5 17.Qxc5 Nxc5 18.Bxb5 a6 19.Be2 Nh5 20.Bf2 Rac8 21.Rc2 Nd3+ 22.Kf1 Nhf4
23.g3 Nxe2 24.Kxe2 Ne5 25.a4 Rc4 26.Rb1 g4 27.fxg4 Rxe4+ 28.Kf1 Rxa4 29.Rxb7 Nxg4
30.c4 Rc8 31.c5 Nxf2 32.Kxf2 Rc6 33.Ke3 Rg4 34.Rf2 Rxc5 35.Rfxf7 Re5+ 36.Kf3 Rf5+
37.Kxg4  1/2-1/2

[Event "TCh-CZE Extraliga 2012-13"]
[Site "Czech Republic CZE"]
[Date "2013.02.16"]
[Round "5.8"]
[White "Straka,Joz2"]
[Black "Zpevak,P"]
[Result "1/2-1/2"]
[WhiteElo "2348"]
[BlackElo "2379"]

1.d4 Nf6 2.c4 e6 3.Nc3 Bb4 4.Nf3 c5 5.e3 O-O 6.Bd3 d5 7.O-O Nc6 8.a3 Bxc3
9.bxc3 dxc4 10.Bxc4 Qc7 11.Bb2 e5 12.h3 Bf5 13.Ba2 Rad8 14.Qe2 Rfe8 15.d5 Ne7
16.c4 Ng6 17.Nd2 Rd6 18.Bb1 Bxb1 19.Raxb1 e4 20.f3 exf3 21.Qxf3 Qe7 22.e4 Nd7
23.Qg3 Nde5 24.Rf5 Rb6 25.h4 f6 26.h5 Nf8 27.Bxe5 Rxb1+ 28.Nxb1 fxe5 29.Nd2 Nd7
30.Nf3 Rf8 31.Rxf8+ Qxf8 32.Ng5 Qf4 33.Qxf4 exf4 34.Ne6 b6 35.Nxf4 Ne5 36.a4 Kf7
37.Kf2 Nxc4 38.Nd3 Kf6 39.d6 Ke6 40.e5 Na5 41.Ke3 c4 42.Nb4 Nb3 43.Nc6 c3
44.Kd3 Nc5+ 45.Kxc3 Kd5 46.Nxa7 Kxe5 47.Nc8 Nxa4+ 48.Kc4 Ke6 49.Kb5 Kd7 50.Ne7 Kxd6
51.Nf5+ Ke5 52.Nxg7 Nc3+ 53.Kxb6 Nd5+ 54.Kc5 Nf4 55.g4 Kf6 56.Nf5 Kg5 57.Ne3 Nxh5
58.gxh5 Kxh5  1/2-1/2

[Event "ch-ROU 2013"]
[Site "Baile Olanesti ROU"]
[Date "2013.02.17"]
[Round "2.26"]
[White "Anton,T"]
[Black "Ciorica,Mihai-Vlad"]
[Result "1-0"]
[WhiteElo "2437"]
[BlackElo "1773"]

1.d4 Nf6 2.c4 e6 3.Nc3 Bb4 4.Nf3 c5 5.g3 Ne4 6.Qd3 Qa5 7.Qxe4 Bxc3+ 8.Bd2 Bxd2+
9.Nxd2 Nc6 10.dxc5 Qxc5 11.Bg2 b5 12.b4 Qxb4 13.Rb1 Qc3 14.cxb5 d5 15.Qa4 Na5
16.O-O Qxd2 17.Rfd1 Qc3 18.Rdc1 Qe5 19.b6+ Bd7 20.Qxa5 O-O 21.b7 Rab8 22.Qxa7 Qxe2
23.Rc7 Rfd8 24.Rxd7  1-0

[Event "TCh-HUN 2012-13"]
[Site "Paks HUN"]
[Date "2013.02.17"]
[Round "7"]
[White "Sedlak,N"]
[Black "Berkes,F"]
[Result "1/2-1/2"]
[WhiteElo "2538"]
[BlackElo "2685"]

1.d4 Nf6 2.c4 e6 3.Nc3 Bb4 4.Nf3 c5 5.e3 O-O 6.Bd3 d5 7.O-O cxd4 8.exd4 dxc4
9.Bxc4 b6 10.Qe2 Bb7 11.Rd1 Bxc3 12.bxc3 Nd5 13.Bd2 Qc7 14.Rac1 Nf4 15.Bxf4 Qxf4
16.Qe3 Qxe3 17.fxe3 Nd7 18.Bd3 Rac8 19.Kf2 Rc7 20.c4 Rfc8 21.Nd2 f5 22.a4 Nf6
23.h3 Nd5 24.a5 f4 25.exf4 Nxf4 26.Bf1 Rf8 27.Kg1 Rf5 28.axb6 axb6 29.Kh2 Rg5
30.g3 Nh5 31.g4 Nf6 32.Bg2 Bxg2 33.Kxg2 Ra5 34.Ra1 Rca7 35.Nb3 Ra3 36.Rxa3 Rxa3
37.Rb1 Kf7 38.c5 Ra6 39.cxb6 Rxb6 40.Nd2 Rxb1 41.Nxb1 Ke7  1/2-1/2

[Event "ch-ROU w 2013"]
[Site "Baile Olanesti ROU"]
[Date "2013.02.18"]
[Round "3.12"]
[White "Toma,Andreea-Simona"]
[Black "Porcoleanu,D"]
[Result "0-1"]
[WhiteElo "1331"]
[BlackElo "1684"]

1.d4 Nf6 2.c4 e6 3.Nc3 Bb4 4.Nf3 O-O 5.g3 b6 6.Bg2 Bb7 7.O-O d5 8.Ne5 Bxc3
9.bxc3 Qc8 10.Qd3 Nbd7 11.Rd1 Ne4 12.Nxd7 Qxd7 13.Ba3 Rfd8 14.cxd5 exd5 15.Rac1 Re8
16.f3 Nf6 17.Re1 a5 18.Qd2 Qa4 19.Qb2 Re3 20.Kf2 Rae8 21.Qb3 Qd7 22.Qb2 Ba6
23.Rc2 Bc4 24.Bf1 h6 25.Qb1 Nh7 26.Bc1 R3e7 27.e3 Bxf1 28.Kxf1 Ng5 29.Rf2 Qc6
30.h4 Nh7 31.Rfe2 Qxc3 32.Qf5 Qc6 33.Rc2 Qd7 34.Qd3 Re6 35.Ree2 Rf6 36.Kg2 Nf8
37.e4 dxe4 38.Rxe4 Rxe4 39.fxe4 Rc6 40.Rxc6 Qxc6 41.Bf4 Ne6 42.d5 Nxf4+ 43.gxf4 Qd7
44.e5 g6 45.Kg3 h5 46.Qf3 Qe7 47.Qd3 Kf8 48.Qe3 Kg7 49.Kh3 a4 50.Qc3 Kg8
51.a3 Qd7+ 52.e6 fxe6 53.dxe6 Qxe6+  0-1

[Event "ch-ROU 2013"]
[Site "Baile Olanesti ROU"]
[Date "2013.02.18"]
[Round "3.55"]
[White "Dumitrascu,G"]
[Black "Ciorica,Ovidiu-Nicolaie"]
[Result "1-0"]
[WhiteElo "1800"]
[BlackElo "1618"]

1.d4 Nf6 2.c4 e6 3.Nf3 Bb4+ 4.Nc3 Bxc3+ 5.bxc3 b6 6.e3 Bb7 7.Be2 O-O 8.O-O d5
9.Ne5 Nbd7 10.cxd5 Nxe5 11.dxe5 Nxd5 12.Qb3 c5 13.c4 Ne7 14.Bb2 Qc7 15.f4 Ng6
16.g3 Rad8 17.Qc2 Qc6 18.Bf3 Qc7 19.Bxb7 Qxb7 20.e4 Rd7 21.f5 Nh8 22.fxe6 Re7
23.exf7+ Rexf7 24.Rxf7 Rxf7 25.Rd1 Ng6 26.Qd3 Qc7 27.Qd5 Kh8 28.e6 Re7 29.Qa8+  1-0

[Event "Reykjavik Open 2013"]
[Site "Reykjavik ISL"]
[Date "2013.02.20"]
[Round "2.40"]
[White "Bartholomew,J"]
[Black "Herbold,M"]
[Result "1-0"]
[WhiteElo "2435"]
[BlackElo "2125"]

1.d4 Nf6 2.c4 e6 3.Nc3 Bb4 4.Nf3 O-O 5.Bg5 h6 6.Bh4 g5 7.Bg3 Ne4 8.Qc2 f5
9.e3 c6 10.Bd3 Qa5 11.Bxe4 fxe4 12.Nd2 d5 13.f3 e5 14.O-O exd4 15.exd4 Bxc3
16.bxc3 Bf5 17.fxe4 dxe4 18.c5 b5 19.Qb3+ Kh7 20.Rxf5 Rxf5 21.Qe6 Rf4 22.Nxe4 Qc7
23.Bxf4 gxf4 24.Nf6+  1-0

[Event "Reykjavik Open 2013"]
[Site "Reykjavik ISL"]
[Date "2013.02.20"]
[Round "3.9"]
[White "Bartholomew,J"]
[Black "Socko,B"]
[Result "0-1"]
[WhiteElo "2435"]
[BlackElo "2643"]

1.d4 Nf6 2.c4 e6 3.Nc3 Bb4 4.Nf3 b6 5.e3 Bb7 6.Bd3 O-O 7.O-O d5 8.cxd5 exd5
9.a3 Bd6 10.b4 a6 11.Qb3 Qe7 12.Rb1 Nbd7 13.a4 Rfe8 14.b5 axb5 15.axb5 Ne4
16.Bb2 Ndf6 17.Qc2 Nxc3 18.Bxc3 Ne4 19.Bb2 f6 20.Ra1 g6 21.Nd2 Nxd2 22.Qxd2 Qf8
23.Bc3 Rxa1 24.Rxa1 Ra8 25.Qc1 Kf7 26.g3 Rxa1 27.Qxa1 Qa8 28.Qxa8 Bxa8 29.Kf1 Bb7
30.Ke2 Bc8 31.Kd2 Bg4 32.Be2 Bxe2 33.Kxe2 Ke6 34.Kd3 h5 35.f3 g5 36.Be1 g4
37.fxg4 hxg4 38.Bd2 Kd7 39.Kc3 c6 40.bxc6+ Kxc6 41.Kb3 Kd7 42.Ka4 Kc6 43.Kb3 b5
44.Kc3 Kd7 45.Kb3 Bf8 46.Ba5 Ke6 47.Bb4 Bd6 48.Kc3 Kd7 49.Ba5 Ba3 50.Kd3 Ke6
51.Bb6 Kf5 52.Bc7 Bb4 53.Bb6 Be7 54.Ba7 Ba3 55.Bb6 Bd6 56.Ba7 Bc7 57.Bc5 Ba5
58.Be7 Be1 59.Ke2 Bc3 60.Kd3 Ba5 61.Bd6 b4 62.Kc2 Ke4 63.Bf4 b3+ 64.Kxb3 Bd2  0-1

[Event "Reykjavik Open 2013"]
[Site "Reykjavik ISL"]
[Date "2013.02.20"]
[Round "3.36"]
[White "Xiu Deshun"]
[Black "Marentini,M"]
[Result "1-0"]
[WhiteElo "2530"]
[BlackElo "2069"]

1.d4 Nf6 2.c4 e6 3.Nf3 Bb4+ 4.Nc3 d5 5.cxd5 exd5 6.Bg5 c6 7.Qc2 Nbd7 8.e3 Nf8
9.Bd3 Ne6 10.Bh4 g6 11.O-O Ng7 12.Nxd5 Qxd5 13.Bxf6 O-O 14.e4 Qe6 15.e5 Qg4
16.Qa4 c5 17.a3 Bd7 18.Bb5 Bxb5 19.Qxb5 Nh5 20.h3 Qf5 21.axb4 Nf4 22.bxc5 Nxh3+
23.gxh3 Qxf3 24.Ra3  1-0

[Event "VI Karkonosze Open A"]
[Site "Karpacz POL"]
[Date "2013.02.22"]
[Round "7.2"]
[White "Sliwerski,R"]
[Black "Goluch,P"]
[Result "1-0"]
[WhiteElo "2097"]
[BlackElo "2204"]

1.d4 Nf6 2.c4 e6 3.Nc3 Bb4 4.Nf3 Bxc3+ 5.bxc3 d6 6.Qc2 c5 7.e4 Nc6 8.Bf4 Qa5
9.d5 Nd4 10.Nxd4 cxd4 11.Bxd6 Qxc3+ 12.Qxc3 dxc3 13.Bd3 exd5 14.cxd5 Bd7
15.O-O Ba4 16.Rab1 b5 17.Rfc1 Rc8 18.f3 Kd7 19.Bb4 c2 20.Rb2 Rhe8 21.Kf2 a6
22.a3 h5 23.Bd2 Rc5 24.Bxc2 Rec8 25.Bxa4 Rxc1 26.Bxc1 Rxc1 27.Bb3 Rc3 28.e5 Ne8
29.d6 f6 30.f4 fxe5 31.fxe5 Rc5 32.Re2 g5 33.Bf7 Ng7 34.h4 gxh4 35.Re4 h3
36.gxh3 a5 37.Kf3 b4 38.axb4 axb4 39.Kf4 Rb5 40.Re3 Rb8 41.Kg5 Rf8 42.Kg6 Ne6
43.Rb3 Rb8 44.Kf6 Nc5 45.Rb1 Ne4+ 46.Kf5 Ng3+ 47.Kg6 Rb6 48.Bb3 Ne4 49.Kf7 Ng5+
50.Kg6 Nxh3 51.Rf1 Rb8 52.Rf7+ Kc6 53.d7 Rg8+ 54.Kh7 Rd8 55.Ba4+ Kd5 56.Re7 h4
57.Re8 Ng5+ 58.Kg6 Ne6 59.Bb3+ Kc6 60.Bxe6 Kc7 61.Kf6 b3 62.Rxd8 Kxd8 63.Bxb3 Kxd7  1-0

[Event "VI Karkonosze Open A"]
[Site "Karpacz POL"]
[Date "2013.02.23"]
[Round "8.1"]
[White "Sliwerski,R"]
[Black "Malaniuk,V"]
[Result "1/2-1/2"]
[WhiteElo "2097"]
[BlackElo "2515"]

1.d4 Nf6 2.c4 e6 3.Nc3 Bb4 4.Nf3 b6 5.Bg5 Bb7 6.e3 h6 7.Bh4 Bxc3+ 8.bxc3 d6
9.Qc2 Nbd7 10.Bd3 Qe7 11.O-O O-O 12.Nd2 c5 13.Rfe1 Rfc8 14.Qb2 g5 15.Bg3 Nh5
16.f3 Nxg3 17.hxg3 Nf6 18.Kf2 Rc7 19.a4 d5 20.a5 bxa5 21.Rxa5 dxc4 22.Nxc4 cxd4
23.cxd4 Bd5 24.Ne5 Nd7 25.Ng4 Rb7 26.Qa1 Qb4 27.Re2 Kg7 28.e4 Bb3 29.d5+ f6
30.dxe6 Bxe6 31.Ne3 Rd8 32.Ra4 Qe7 33.Bc4 Ne5 34.Bxe6 Qxe6 35.Nf5+ Kh7 36.Ra6 Rb6
37.Rxa7+ Rd7 38.Rd2 Rbb7 39.Rxd7+ Qxd7 40.Rxb7 Qxb7 41.Qd4 Qd7 42.Qxd7+ Nxd7
43.f4 Kg6 44.Ke3 Nc5 45.Ne7+ Kf7 46.Nf5 Kg6 47.Nd6 Nb3 48.e5 gxf4+ 49.gxf4 fxe5
50.fxe5 Nc5 51.Kd4 Ne6+ 52.Ke4 h5 53.g3 Kg5 54.Kd5 Nc7+ 55.Kc6 Ne6 56.Kd5 Nc7+
57.Kc6 Ne6 58.Kd7 Nc5+ 59.Kc6  1/2-1/2

[Event "Reykjavik Open 2013"]
[Site "Reykjavik ISL"]
[Date "2013.02.23"]
[Round "6.54"]
[White "Karason,A"]
[Black "Birgisson,Ingvar Orn"]
[Result "1-0"]
[WhiteElo "2235"]
[BlackElo "1953"]

1.d4 Nf6 2.c4 e6 3.Nc3 Bb4 4.Nf3 d5 5.Bg5 O-O 6.e3 b6 7.cxd5 exd5 8.Qb3 Bxc3+
9.bxc3 Bb7 10.Ne5 Qd6 11.Be2 Nbd7 12.Nxd7 Nxd7 13.Bf4 Qg6 14.Bf3 c6 15.O-O Ba6
16.Rfe1 Bc4 17.Qb4 f5 18.Qd6 Qxd6 19.Bxd6 Rf6 20.Bf4 h6 21.h4 Rff8 22.Bd1 a5
23.Bc2 a4 24.a3 b5 25.f3 Rae8 26.Kf2 h5 27.Rg1 Kh8 28.Kg3 Re6 29.Kh3 Nf6
30.Bxf5 Ree8 31.Be5 c5 32.Bd6 Rg8 33.dxc5 Rxe3 34.c6 g6 35.Bf4 Re2 36.Bb1 Kg7
37.Rd1 Bb3 38.Rd4 Re1 39.c7 Rc8 40.Bf5 gxf5 41.Rxe1 Kf7 42.Re5 Rxc7 43.Rxf5 Rc6
44.Bg5 Bc2 45.Rxf6+  1-0